Impact of copper oxide nanoparticles for an effective low-temperature vulcanization of neoprene (Record no. 75666)

MARC details
000 -LEADER
fixed length control field 00659nam a22001697a 4500
100 ## - MAIN ENTRY--AUTHOR NAME
Personal name Jayan, A.
245 ## - TITLE STATEMENT
Title Impact of copper oxide nanoparticles for an effective low-temperature vulcanization of neoprene
260 ## - PUBLICATION, DISTRIBUTION, ETC. (IMPRINT)
Name of publisher International Rubber Conference-Rubber Con 2024: Sustainable Development in Rubber Industry-Challenges and Opportunities, 5-7 December 2024, Indian Rubber Institute, Kochi, India, p. 114.
300 ## - PHYSICAL DESCRIPTION
Other physical details Abstract only
650 ## - SUBJECT ADDED ENTRY--TOPICAL TERM
Topical Term Sensor encapsulation
650 ## - SUBJECT ADDED ENTRY--TOPICAL TERM
Topical Term Low-temperature vulcanization
650 ## - SUBJECT ADDED ENTRY--TOPICAL TERM
Topical Term Copper oxide nanoparticles
700 ## - ADDED ENTRY--PERSONAL NAME
Personal name Abhitha, K.
700 ## - ADDED ENTRY--PERSONAL NAME
Personal name Annadurai, P.
942 ## - ADDED ENTRY ELEMENTS (KOHA)
Koha item type Journals
Holdings
Withdrawn status Lost status Damaged status Not for loan Home library Current library Date acquired Koha item type
        RRII Library RRII Library 24/09/2025 Journals